[Event "PMPJ 11"]
[Site "?"]
[Date "2015.11.12"]
[Round "7.2"]
[White "Wolaniecki, Patryk"]
[Black "Norek, Bartosz"]
[Result "1-0"]
[BlackElo "1542"]
[WhiteElo "1490"]
[LiveChessVersion "1.4.6"]

1. e4 {[%clk 1:30:26]} c5 {[%clk 1:30:56]} 2. Nf3 {[%clk 1:30:42]} d6
{[%clk 1:31:23]} 3. d4 {[%clk 1:30:58]} cxd4 {[%clk 1:31:47]} 4. Nxd4
{[%clk 1:31:22]} Nf6 {[%clk 1:32:12]} 5. Nc3 {[%clk 1:31:47]} a6 {[%clk 1:32:37]}
6. Bg5 {[%clk 1:32:11]} e6 {[%clk 1:33:00]} 7. f4 {[%clk 1:32:30]} Be7
{[%clk 1:33:19]} 8. Qf3 {[%clk 1:32:48]} Qc7 {[%clk 1:33:38]} 9. O-O-O
{[%clk 1:33:11]} h6 {[%clk 1:33:08]} 10. Bxf6 {[%clk 1:28:32]} Bxf6
{[%clk 1:33:30]} 11. g4 {[%clk 1:19:22]} Nd7 {[%clk 1:29:28]} 12. h4
{[%clk 1:14:33]} Qb6 {[%clk 1:29:48]} 13. Nb3 {[%clk 1:07:39]} Be7
{[%clk 1:30:08]} 14. f5 {[%clk 1:02:56]} Ne5 {[%clk 1:26:35]} 15. Qg3
{[%clk 0:56:25]} Bd7 {[%clk 1:22:02]} 16. Bh3 {[%clk 0:48:30]} g5
{[%clk 1:13:42]} 17. h5 {[%clk 0:48:00]} O-O-O {[%clk 1:12:00]} 18. Rhf1
{[%clk 0:37:17]} Rdf8 {[%clk 1:05:55]} 19. Qf2 {[%clk 0:31:13]} Qxf2
{[%clk 0:51:15]} 20. Rxf2 {[%clk 0:30:58]} Rd8 {[%clk 0:49:18]} 21. Nd4
{[%clk 0:25:24]} Rhe8 {[%clk 0:47:11]} 22. Re1 {[%clk 0:18:52]} Kc7
{[%clk 0:45:01]} 23. f6 {[%clk 0:16:46]} Bf8 {[%clk 0:45:19]} 24. Nf3
{[%clk 0:17:07]} Bc6 {[%clk 0:41:08]} 25. Nxe5 {[%clk 0:16:53]} dxe5
{[%clk 0:41:32]} 26. Rd1 {[%clk 0:16:30]} Bc5 {[%clk 0:41:48]} 27. Rxd8
{[%clk 0:12:08]} Rxd8 {[%clk 0:41:26]} 28. Re2 {[%clk 0:11:27]} Rd4
{[%clk 0:40:19]} 29. Bg2 {[%clk 0:11:30]} Kd6 {[%clk 0:40:18]} 30. a3
{[%clk 0:10:09]} b5 {[%clk 0:40:15]} 31. Nd1 {[%clk 0:06:17]} Bb6
{[%clk 0:20:24]} 32. Nf2 {[%clk 0:05:41]} a5 {[%clk 0:16:06]} 33. Nh3
{[%clk 0:04:24]} Bd8 {[%clk 0:15:54]} 34. Nf2 {[%clk 0:03:22]} Bxf6
{[%clk 0:16:13]} 35. c3 {[%clk 0:03:36]} Rc4 {[%clk 0:16:33]} 36. Re3
{[%clk 0:02:17]} Bb7 {[%clk 0:16:47]} 37. Bf1 {[%clk 0:02:22]} Rc5
{[%clk 0:16:03]} 38. b4 {[%clk 0:02:35]} axb4 {[%clk 0:10:55]} 39. axb4
{[%clk 0:03:04]} Rc7 {[%clk 0:10:04]} 40. Bxb5 {[%clk 0:03:22]} Bd8
{[%clk 0:09:23]} 41. Rd3+ {[%clk 0:03:43]} Ke7 {[%clk 0:09:47]} 42. Kb2
{[%clk 0:03:56]} Bc6 {[%clk 0:09:08]} 43. Bxc6 {[%clk 0:04:08]} Rxc6
{[%clk 0:09:35]} 44. Kb3 {[%clk 0:04:06]} Bb6 {[%clk 0:10:00]} 45. Nd1
{[%clk 0:03:49]} f5 {[%clk 0:09:37]} 46. exf5 {[%clk 0:04:06]} exf5
{[%clk 0:10:03]} 47. gxf5 {[%clk 0:04:09]} Kf6 {[%clk 0:10:32]} 48. b5
{[%clk 0:04:27]} Rc5 {[%clk 0:10:22]} 49. Rd6+ {[%clk 0:04:54]} Kxf5
{[%clk 0:10:48]} 50. Rxb6 {[%clk 0:05:20]} e4 {[%clk 0:10:42]} 51. Kb4
{[%clk 0:05:30]} Rc8 {[%clk 0:11:02]} 52. Rxh6 {[%clk 0:05:44]} g4
{[%clk 0:10:43]} 53. Rg6 {[%clk 0:05:33]} Kf4 {[%clk 0:10:33]} 54. Rf6+
{[%clk 0:05:47]} Kg5 {[%clk 0:10:15]} 55. Rf1 {[%clk 0:05:43]} Kxh5
{[%clk 0:10:40]} 56. Ne3 {[%clk 0:06:00]} g3 {[%clk 0:10:39]} 57. Rg1
{[%clk 0:05:37]} Kh4 {[%clk 0:10:15]} 58. Nf5+ {[%clk 0:05:59]} Kg4
{[%clk 0:10:40]} 59. Nxg3 {[%clk 0:06:03]} e3 {[%clk 0:10:13]} 60. Ne2+
{[%clk 0:06:16]} Kf3 {[%clk 0:10:34]} 61. Nd4+ {[%clk 0:06:42]} Kf2
{[%clk 0:10:47]} 62. Rh1 {[%clk 0:07:01]} Kg2 {[%clk 0:09:55]} 63. Re1
{[%clk 0:07:12]} Re8 {[%clk 0:10:03]} 64. Nc2 {[%clk 0:07:17]} e2
{[%clk 0:10:23]} 65. Nd4 {[%clk 0:07:40]} Kf2 {[%clk 0:10:24]} 66. Rxe2+
{[%clk 0:08:04]} 1-0

[Event "PMPJ 11"]
[Site "?"]
[Date "2015.11.12"]
[Round "7.3"]
[White "Niedbala, Bartlomiej"]
[Black "Kossowski, Pawel"]
[Result "1/2-1/2"]
[BlackElo "1275"]
[WhiteElo "1403"]
[LiveChessVersion "1.4.6"]

1. e4 {[%clk 1:31:21]} e5 {[%clk 1:30:40]} 2. Nf3 {[%clk 1:30:57]} Nc6 3. Bc4 Bc5
{[%clk 1:30:37]} 4. c3 {[%clk 1:31:19]} Nf6 {[%clk 1:30:37]} 5. d3
{[%clk 1:31:39]} d6 {[%clk 1:29:43]} 6. O-O {[%clk 1:27:52]} Bg4 {[%clk 1:29:45]}
7. Nbd2 {[%clk 1:28:01]} Qe7 {[%clk 1:26:46]} 8. Re1 {[%clk 1:25:51]} O-O
{[%clk 1:22:46]} 9. Nf1 {[%clk 1:25:45]} Rad8 {[%clk 1:15:48]} 10. h3
{[%clk 1:25:15]} Be6 {[%clk 1:15:46]} 11. Ng3 {[%clk 1:22:59]} Ne8
{[%clk 1:13:23]} 12. Bg5 {[%clk 1:22:17]} f6 {[%clk 1:11:57]} 13. Nf5
{[%clk 1:22:07]} Qf7 {[%clk 1:10:58]} 14. Bxe6 {[%clk 1:21:58]} Qxe6
{[%clk 1:10:24]} 15. Be3 {[%clk 1:22:20]} Bb6 {[%clk 1:09:15]} 16. N3h4
{[%clk 1:20:17]} Ne7 {[%clk 1:05:48]} 17. Qg4 {[%clk 1:20:37]} Nxf5
{[%clk 1:01:59]} 18. Nxf5 {[%clk 1:20:47]} Kh8 {[%clk 1:01:27]} 19. Qg3
{[%clk 1:18:27]} d5 {[%clk 0:54:29]} 20. a4 {[%clk 1:17:50]} dxe4
{[%clk 0:51:35]} 21. dxe4 {[%clk 1:18:14]} Bxe3 {[%clk 0:44:43]} 22. Qxe3
{[%clk 1:18:38]} Qb6 {[%clk 0:43:21]} 23. a5 {[%clk 1:18:58]} Qxe3
{[%clk 0:41:53]} 24. Nxe3 {[%clk 1:18:52]} Nd6 {[%clk 0:41:14]} 25. f3
{[%clk 1:19:14]} Nb5 {[%clk 0:39:02]} 26. Rad1 {[%clk 1:19:30]} Kg8
{[%clk 0:38:20]} 27. Kf2 {[%clk 1:19:57]} Kf7 {[%clk 0:36:47]} 28. Nc4
{[%clk 1:19:24]} Nd6 {[%clk 0:33:32]} 29. Na3 {[%clk 1:19:13]} Rd7
{[%clk 0:29:35]} 30. Ke2 {[%clk 1:18:46]} Rfd8 {[%clk 0:28:47]} 31. Rd2
{[%clk 1:19:07]} Ke6 {[%clk 0:26:10]} 32. Red1 {[%clk 1:19:26]} g6
{[%clk 0:23:54]} 33. b4 {[%clk 1:19:36]} a6 {[%clk 0:19:35]} 34. c4
{[%clk 1:19:13]} c6 {[%clk 0:15:17]} 35. Ke3 {[%clk 1:18:11]} f5 {[%clk 0:13:32]}
36. g3 {[%clk 1:18:10]} fxe4 {[%clk 0:12:43]} 37. fxe4 {[%clk 1:18:32]} Nf7
{[%clk 0:11:27]} 38. Rxd7 {[%clk 1:18:25]} Rxd7 {[%clk 0:11:51]} 39. Rxd7
{[%clk 1:18:28]} Kxd7 {[%clk 0:12:16]} 40. c5 {[%clk 1:18:20]} Ng5
{[%clk 0:11:32]} 41. Nc4 {[%clk 1:18:16]} Nf7 {[%clk 0:11:03]} 42. h4
{[%clk 1:18:05]} h6 {[%clk 0:10:39]} 43. Kf3 {[%clk 1:18:30]} Ke6
{[%clk 0:08:59]} 44. Nd2 {[%clk 1:15:41]} Nd8 {[%clk 0:07:34]} 45. Kg4
{[%clk 1:15:26]} Nf7 {[%clk 0:07:46]} 46. h5 {[%clk 1:15:36]} g5 {[%clk 0:07:46]}
47. Nf3 {[%clk 1:15:43]} Kf6 {[%clk 0:07:35]} 48. Nd2 {[%clk 1:15:35]} Ke6
{[%clk 0:07:39]} 49. Nc4 {[%clk 1:15:59]} Kf6 {[%clk 0:06:05]} 50. Ne3
{[%clk 1:15:37]} Ke6 {[%clk 0:05:50]} 51. Nf5 {[%clk 1:15:51]} Kf6
{[%clk 0:06:09]} 52. Nd6 {[%clk 1:15:08]} Nd8 {[%clk 0:05:53]} 53. Ne8+
{[%clk 1:11:59]} Kf7 {[%clk 0:05:23]} 54. Nd6+ {[%clk 1:08:25]} Kf6
{[%clk 0:05:34]} 55. Kf3 {[%clk 1:08:01]} Ke6 {[%clk 0:04:49]} 56. Nf5
{[%clk 1:07:47]} Nf7 {[%clk 0:04:10]} 57. Ne3 {[%clk 1:02:48]} Kf6
{[%clk 0:04:01]} 58. Ke2 {[%clk 1:02:39]} Ke6 {[%clk 0:04:17]} 59. Kd3
{[%clk 1:02:28]} Kd7 {[%clk 0:04:35]} 60. Kc4 {[%clk 1:00:32]} Ke6
{[%clk 0:04:54]} 61. Nf5 {[%clk 1:00:26]} Kd7 {[%clk 0:04:49]} 62. Ng7
{[%clk 0:58:49]} Ke7 {[%clk 0:04:36]} 63. Nf5+ {[%clk 0:56:39]} Kd7
{[%clk 0:04:41]} 64. Kd3 {[%clk 0:55:56]} Ke6 {[%clk 0:04:29]} 65. Ke3
{[%clk 0:55:54]} Kf6 {[%clk 0:04:27]} 66. Kf3 {[%clk 0:55:41]} Ke6
{[%clk 0:04:44]} 67. Ne3 {[%clk 0:55:49]} Kf6 {[%clk 0:04:59]} 68. Nc4
{[%clk 0:54:56]} Ke6 {[%clk 0:05:07]} 69. Nb6 {[%clk 0:53:13]} Kf6
{[%clk 0:05:09]} 70. Kg4 {[%clk 0:53:05]} Ke6 {[%clk 0:05:10]} 71. Nc8
{[%clk 0:53:21]} Kf6 {[%clk 0:05:22]} 72. Na7 {[%clk 0:51:18]} Ke6
{[%clk 0:05:35]} 73. Nc8 {[%clk 0:51:35]} Kf6 {[%clk 0:05:51]} 74. Nd6
{[%clk 0:51:58]} Nd8 1/2-1/2

[Event "PMPJ 11"]
[Site "?"]
[Date "2015.11.12"]
[Round "7.4"]
[White "Kujawa, Krzysztof"]
[Black "Dolharz, Jakub"]
[Result "1-0"]
[BlackElo "1382"]
[WhiteElo "1333"]
[LiveChessVersion "1.4.6"]

1. e4 e5 2. Bc4 d6 3. Nc3 Nf6 4. d3 Be7 5. f4 exf4 6. Bxf4 c6 7. Nf3 Be6 8. Bb3
Nbd7 9. O-O Nc5 10. Kh1 Qb6 11. Be3 Qa5 12. Ng5 Bxb3 13. axb3 Qc7 14. Bxc5 dxc5
15. Qe2 O-O 16. Rf2 h5 17. h3 g6 18. Raf1 Qe5 19. Nf3 Qc7 20. e5 Nh7 21. e6 f5
22. g4 hxg4 23. hxg4 Rae8 24. Ne5 Kg7 25. gxf5 Rxf5 26. Rxf5 gxf5 27. Rxf5 Ng5
28. Qg4 Rh8+ 29. Kg1 Bf6 30. Rxg5+ Bxg5 31. Qxg5+ Kf8 32. Ng6+ Ke8 33. Nxh8 Qh7
34. Qg6+ Qxg6+ 35. Nxg6 c4 36. dxc4 b5 37. cxb5 cxb5 38. Nxb5 a5 39. e7 Kd7 40.
Nd6 a4 41. e8=Q+ Kc7 42. Qe3 axb3 43. Qxb3 Kxd6 44. c4 Kc5 45. Qb5+ Kd6 46. c5+
Kc7 47. Qb6+ Kc8 48. Ne7+ Kd7 49. c6+ Kxe7 50. c7 Kd7 51. Qb7 Ke6 52. c8=Q+ Kf5
1-0

[Event "Polfinaly Mistrzostw Polski Juniorow 201"]
[Site "Szklarska Poreba - „Krolowa Ka"]
[Date "2015.??.??"]
[Round "8.6"]
[White "Topola, Rafal"]
[Black "Kossowski, Pawel"]
[Result "0-1"]
[WhiteElo "1171"]
[BlackElo "1275"]
[PlyCount "76"]
[EventDate "2015.??.??"]

1. e4 e5 2. Nf3 Nc6 3. Nc3 Nf6 4. d4 exd4 5. Nxd4 Bb4 6. Nxc6 bxc6 7. Bd3 d6 8.
O-O Be6 9. Bd2 O-O 10. a3 Ba5 11. Ne2 Bb6 12. h3 d5 13. exd5 cxd5 14. Nf4 c5
15. Nxe6 fxe6 16. c3 c4 17. Bc2 Qe8 18. Qe2 Nh5 19. Be3 Bxe3 20. Qxe3 Nf4 21.
f3 Qe7 22. Kh2 Rab8 23. Rab1 Rb6 24. a4 Qd6 25. g3 Nh5 26. f4 Rfb8 27. Qc1 e5
28. Bd1 Nf6 29. fxe5 Qxe5 30. Bf3 Ne4 31. Bxe4 Qxe4 32. Rf2 d4 33. cxd4 Qxd4
34. Re2 Rb3 35. Rd2 Qe4 36. Qc2 Qxc2 37. Rxc2 c3 38. Kg2 Rxb2 0-1

[Event "Polfinaly Mistrzostw Polski Juniorow 201"]
[Site "Szklarska Poreba - „Krolowa Ka"]
[Date "2015.??.??"]
[Round "8.7"]
[White "Lokaj, Bartlomiej"]
[Black "Czarnomski, Dominik"]
[Result "1-0"]
[WhiteElo "1310"]
[BlackElo "1323"]
[PlyCount "107"]
[EventDate "2015.??.??"]

1. f4 d5 2. Nf3 c5 3. e3 Nf6 4. d3 Nc6 5. Be2 g6 6. O-O Bg7 7. Nc3 O-O 8. Qe1
Bf5 9. h3 Re8 10. g4 Bd7 11. Qg3 e6 12. Ne5 Kf8 13. g5 Ng8 14. Nb5 Nxe5 15. Nd6
Nc6 16. Nxe8 Qxe8 17. a3 d4 18. e4 Nge7 19. h4 Qb8 20. h5 f5 21. gxf6 Bxf6 22.
hxg6 Nxg6 23. Bh5 Be8 24. Qg4 Ke7 25. e5 Bh8 26. Qg5+ Kd7 27. Qh6 Nf8 28. Bd2
Bxh5 29. Qxh5 Qe8 30. Qxe8+ Rxe8 31. Kf2 Ng6 32. Kg3 Rf8 33. Rh1 Rf7 34. Rh5
Ke7 35. Rah1 Nf8 36. Kg4 Rg7+ 37. Rg5 Kf7 38. c3 Rxg5+ 39. Kxg5 Kg8 40. b4 dxc3
41. Bxc3 cxb4 42. Bxb4 Nxb4 43. axb4 Bg7 44. Rc1 h6+ 45. Kg4 Ng6 46. Rc7 Bxe5
47. fxe5 Nxe5+ 48. Kh5 Nxd3 49. Rxb7 a6 50. Kg6 Kf8 51. Kf6 Ke8 52. Kxe6 Kd8
53. Rd7+ Kc8 54. Rxd3 1-0

[Event "Polfinaly Mistrzostw Polski Juniorow 201"]
[Site "Szklarska Poreba - „Krolowa Ka"]
[Date "2015.??.??"]
[Round "8.8"]
[White "Wrona, Florian"]
[Black "Bartoszewski-reiski, Olaf"]
[Result "1/2-1/2"]
[WhiteElo "1261"]
[BlackElo "1425"]
[PlyCount "84"]
[EventDate "2015.??.??"]

1. e4 c5 2. Nf3 e6 3. d4 cxd4 4. Nxd4 Nf6 5. Nc3 Bb4 6. Bd3 e5 7. Nf3 Nc6 8.
O-O O-O 9. Bg5 Be7 10. h3 h6 11. Bxf6 Bxf6 12. Nd5 d6 13. a3 Be6 14. Nxf6+ Qxf6
15. Nh2 Qg6 16. Qf3 Nd4 17. Qg3 Qxg3 18. fxg3 Rac8 19. Rac1 Rc7 20. Nf3 Nxf3+
21. Rxf3 Rfc8 22. c3 Kf8 23. Rff1 Ke7 24. g4 g6 25. Kf2 Bc4 26. Bxc4 Rxc4 27.
Rfe1 b5 28. Kf3 a5 29. Rcd1 b4 30. axb4 axb4 31. cxb4 Rc2 32. Re2 Rxe2 33. Kxe2
Rb8 34. Rd2 Rxb4 35. Kf3 Kd7 36. Re2 Rb5 37. Kf2 Kc6 38. Rc2+ Rc5 39. Rd2 Rc4
40. Ke3 Kc5 41. Rd5+ Kc6 42. Rd2 Kc5 1/2-1/2

[Event "Polfinaly Mistrzostw Polski Juniorow 201"]
[Site "Szklarska Poreba - „Krolowa Ka"]
[Date "2015.??.??"]
[Round "8.9"]
[White "Stypka, Sebastian"]
[Black "Oles, Martin"]
[Result "0-1"]
[WhiteElo "1254"]
[BlackElo "1374"]
[PlyCount "24"]
[EventDate "2015.??.??"]

1. e4 Nf6 2. Nc3 d6 3. d4 Nc6 4. Nf3 e6 5. Bb5 Bd7 6. O-O Be7 7. Bg5 h6 8. Bh4
O-O 9. Re1 a6 10. Bd3 Nh7 11. Bxe7 Qxe7 12. d5 Na7 {Zapis nieczytelny} 0-1

[Event "Polfinaly Mistrzostw Polski Juniorow 201"]
[Site "Szklarska Poreba - „Krolowa Ka"]
[Date "2015.??.??"]
[Round "8.10"]
[White "Lazniewski, Tadeusz"]
[Black "Oborski, Artur"]
[Result "0-1"]
[WhiteElo "1167"]
[BlackElo "1300"]
[PlyCount "58"]
[EventDate "2015.??.??"]

1. e4 e5 2. Nf3 Nc6 3. Bc4 Bc5 4. c3 Nf6 5. d4 exd4 6. cxd4 Bb4+ 7. Bd2 Bxd2+
8. Nbxd2 O-O 9. O-O d5 10. exd5 Nxd5 11. Qb3 Na5 12. Qa4 Nxc4 13. Qxc4 Be6 14.
Rac1 Ne3 15. Qxc7 Qxc7 16. Rxc7 Nxf1 17. Kxf1 Rac8 18. Rxb7 Rc1+ 19. Ke2 Re8
20. Ne5 f6 21. Nb3 Bxb3 22. axb3 fxe5 23. Rxa7 Rb1 24. d5 Rxb2+ 25. Ke3 Rxb3+
26. Ke4 Rb4+ 27. Kf5 Rf4+ 28. Kg5 Rf7 29. Rxf7 Kxf7 0-1

[Event "Polfinaly Mistrzostw Polski Juniorow 201"]
[Site "Szklarska Poreba - „Krolowa Ka"]
[Date "2015.??.??"]
[Round "8.11"]
[White "Szydlo, Michal"]
[Black "Bednarczyk, Mateusz"]
[Result "1/2-1/2"]
[WhiteElo "1275"]
[BlackElo "1133"]
[PlyCount "59"]
[EventDate "2015.??.??"]

1. e4 c5 2. Nf3 Nc6 3. d4 cxd4 4. Nxd4 Nf6 5. Nc3 d6 6. Nxc6 bxc6 7. Be3 e5 8.
Qd3 d5 9. exd5 cxd5 10. Bg5 Be6 11. Bxf6 gxf6 12. Qb5+ Bd7 13. Qxd5 Bh6 14. Bc4
O-O 15. Rd1 Be6 16. Qxd8 Raxd8 17. Bxe6 Rxd1+ 18. Kxd1 fxe6 19. Ke2 Rb8 20. Na4
Rb4 21. b3 Re4+ 22. Kd3 Rd4+ 23. Kc3 Rd2 24. Rf1 Re2 25. Kd3 Rd2+ 26. Kc3 Re2
27. Kd3 Rd2+ 28. Kc3 Re2 29. Kd3 Rd2+ 30. Kc3 1/2-1/2

[Event "Polfinaly Mistrzostw Polski Juniorow 201"]
[Site "Szklarska Poreba - „Krolowa Ka"]
[Date "2015.??.??"]
[Round "8.12"]
[White "Rybak, Igor"]
[Black "Kosior, Jan"]
[Result "0-1"]
[WhiteElo "1225"]
[BlackElo "1312"]
[PlyCount "70"]
[EventDate "2015.??.??"]

1. e4 d5 2. exd5 Nf6 3. d4 Qxd5 4. c4 Qd8 5. Nf3 Bg4 6. Be2 e6 7. a3 Nc6 8. Be3
Be7 9. O-O O-O 10. Nc3 Qd6 11. c5 Qd7 12. b4 a6 13. Ne5 Nxe5 14. dxe5 Bxe2 15.
Nxe2 Qxd1 16. Rfxd1 Nd5 17. Rd3 Rad8 18. Rad1 Nxe3 19. fxe3 Bg5 20. Nf4 Rxd3
21. Rxd3 Rd8 22. Rxd8+ Bxd8 23. Kf2 Kf8 24. e4 Ke8 25. Nh5 Kd7 26. Nxg7 Kc6 27.
a4 a5 28. bxa5 Kxc5 29. Ke3 Kb4 30. Kd4 Kxa4 31. Ne8 Kxa5 32. h4 h5 33. Nf6 b5
34. Kd3 b4 35. Nxh5 Ka4 {Zapis nieczytelny} 0-1

[Event "Polfinaly Mistrzostw Polski Juniorow 201"]
[Site "Szklarska Poreba - „Krolowa Ka"]
[Date "2015.??.??"]
[Round "8.13"]
[White "Celebias, Filip"]
[Black "Franc, Piotr"]
[Result "1-0"]
[WhiteElo "1350"]
[BlackElo "1187"]
[PlyCount "63"]
[EventDate "2015.??.??"]

1. e4 e5 2. Nf3 Nc6 3. Bc4 Bc5 4. b4 Bxb4 5. c3 Bc5 6. O-O d6 7. d4 exd4 8.
cxd4 Bb6 9. Bb2 Nf6 10. d5 Na5 11. Bd3 Bg4 12. Nc3 a6 13. Ne2 Bxf3 14. gxf3 h5
15. Qd2 h4 16. Qg5 Nh5 17. Qg4 f6 18. e5 Kf8 19. Bg6 Qc8 20. Bxh5 f5 21. Qg6
Qd7 22. Nf4 Rh6 23. Ne6+ Kg8 24. Qg5 Nc4 25. Bc3 dxe5 26. Kh1 c6 27. Rg1 Kh8
28. Nxg7 Rh7 29. Ne6 Qe7 30. Qxf5 Qd6 31. Qf6+ Rg7 32. Qxg7# 1-0

[Event "Polfinaly Mistrzostw Polski Juniorow 201"]
[Site "Szklarska Poreba - „Krolowa Ka"]
[Date "2015.??.??"]
[Round "8.14"]
[White "Szafranski, Maciej"]
[Black "Bartosik, Franciszek"]
[Result "0-1"]
[WhiteElo "1242"]
[BlackElo "1183"]
[PlyCount "86"]
[EventDate "2015.??.??"]

1. c4 e5 2. g3 Nf6 3. Bg2 g6 4. e3 Nc6 5. Ne2 Bg7 6. O-O O-O 7. Nbc3 b6 8. a3
Bb7 9. Qc2 Na5 10. Bxb7 Nxb7 11. b4 c5 12. Rd1 Qc7 13. Qb3 d6 14. Bb2 Rfc8 15.
b5 Na5 16. Qa2 Qb7 17. d3 Qf3 18. h3 Rd8 19. Nc1 e4 20. Nb3 Nxb3 21. Qxb3 exd3
22. Rxd3 Qf5 23. Nd5 Nxd5 24. Rxd5 Qxh3 25. Bxg7 Kxg7 26. Rad1 Qe6 27. Qd3 Kf8
28. Rxd6 Qxd6 29. Qxd6+ Rxd6 30. Rxd6 Ke7 31. Rd5 Rd8 32. e4 f5 33. Rxd8 Kxd8
34. exf5 gxf5 35. Kg2 Ke7 36. Kf3 Ke6 37. Kf4 h6 38. a4 Kf6 39. Ke3 Kg5 40. f3
h5 41. Kf2 f4 42. Kg2 fxg3 43. Kxg3 h4+ 0-1

[Event "PMPJ 11"]
[Site "?"]
[Date "2015.11.13"]
[Round "8.1"]
[White "Mechlinski, Jakub"]
[Black "Niedbala, Bartlomiej"]
[Result "1-0"]
[WhiteElo "1818"]
[BlackElo "1403"]
[PlyCount "67"]
[EventDate "2015.??.??"]

1. e4 c6 2. d4 d5 3. Nc3 dxe4 4. Nxe4 Nd7 5. Nf3 Ngf6 6. Ng3 e6 7. Bd3 Be7 8.
O-O O-O 9. Re1 c5 10. c3 cxd4 11. Nxd4 Nc5 12. Bc2 Bd7 13. Be3 Qc7 14. Qf3 Nd5
15. Bd2 Rad8 16. Nh5 g6 17. b4 Na6 18. Be4 Bc8 19. Ng3 Ndxb4 20. Bh6 Rfe8 21.
Nb5 Qb6 22. a4 Nc6 23. Nh5 f5 24. Bc2 Nc5 25. Qg3 Rd7 26. Ng7 Red8 27. Nxe6
Nxe6 28. Rxe6 a6 29. Rxg6+ Kf7 30. Bb3+ Rd5 31. Rg7+ Ke8 32. Nc7+ Kd7 33. Bxd5
Qxc7 34. Be6+ 1-0

[Event "PMPJ 11"]
[Site "?"]
[Date "2015.11.13"]
[Round "8.2"]
[White "Wieczorek, Karol"]
[Black "Wolaniecki, Patryk"]
[Result "1/2-1/2"]
[WhiteElo "1193"]
[BlackElo "1490"]
[PlyCount "81"]
[EventDate "2015.??.??"]

1. e4 c5 2. c3 d5 3. exd5 Qxd5 4. d4 Nc6 5. Nf3 Bg4 6. Be2 cxd4 7. cxd4 e6 8.
Nc3 Bb4 9. O-O Qd8 10. Be3 Nf6 11. h3 Bf5 12. Qb3 Qe7 13. a3 Bd6 14. Nb5 Bc7
15. Nxc7+ Qxc7 16. Rac1 O-O 17. Ne5 Be4 18. Nxc6 Bxc6 19. Bf3 Qd7 20. Bxc6 bxc6
21. Qa4 Rfc8 22. Rc2 Nd5 23. Rfc1 Ne7 24. Bg5 f6 25. Be3 Rab8 26. Bf4 Rb5 27.
Qc4 Rd5 28. Be3 Nf5 29. Qa6 Rd6 30. Rc5 Ne7 31. b4 Qd8 32. Qa4 Qd7 33. Ra5 Ra8
34. Rac5 Qb7 35. Bf4 Rxd4 36. Be3 Rd5 37. Rxd5 exd5 38. Bc5 Ng6 39. Be3 Ne5 40.
Rc5 Qd7 41. Bd4 1/2-1/2

[Event "PMPJ 11"]
[Site "?"]
[Date "2015.11.13"]
[Round "8.3"]
[White "Norek, Bartosz"]
[Black "Trybus, Daniel"]
[Result "1-0"]
[WhiteElo "1542"]
[BlackElo "1448"]
[PlyCount "119"]
[EventDate "2015.??.??"]

1. e4 d5 2. exd5 Qxd5 3. Nc3 Qd6 4. d4 Nf6 5. Nf3 Nc6 6. Nb5 Qd8 7. d5 Nb4 8.
c4 c6 9. Qa4 e6 10. dxe6 cxb5 11. Qxb5+ Nc6 12. exf7+ Kxf7 13. Ng5+ Ke8 14. Bd2
Qe7+ 15. Be2 a6 16. Qa4 h6 17. O-O-O hxg5 18. Rhe1 Be6 19. Bf3 Kf7 20. Bd5 Nxd5
21. cxd5 Qc5+ 22. Bc3 Bxd5 23. Qg4 Ne7 24. Re5 g6 25. Rdxd5 Nxd5 26. Qe6+ Kg7
27. Rxd5+ Qxc3+ 28. bxc3 Ba3+ 29. Kc2 Rad8 30. Rxg5 Rh6 31. Qe5+ Kf7 32. Qc7+
Be7 33. Re5 Re8 34. h3 Rh7 35. Qxb7 Kf8 36. Qxa6 Rf7 37. f3 Rf6 38. Qe2 Rf7 39.
Qe4 Rc8 40. Qxg6 Bf6 41. Re3 Ra8 42. Kb1 Rb7+ 43. Ka1 Rb6 44. Qc2 Rd8 45. Rd3
Re8 46. a3 Ra8 47. Ka2 Be7 48. c4 Rba6 49. c5 Ra5 50. Rc3 Bf6 51. Rb3 Be7 52.
Qf5+ Ke8 53. Rc3 R5a7 54. g4 Rd8 55. g5 Rb8 56. g6 Rab7 57. Qf7+ Kd8 58. Rd3+
Kc8 59. Qe8+ Kc7 60. Qd7# 1-0

[Event "PMPJ 11"]
[Site "?"]
[Date "2015.11.13"]
[Round "8.4"]
[White "Zabron, Maksym"]
[Black "Kujawa, Krzysztof"]
[Result "0-1"]
[WhiteElo "1468"]
[BlackElo "1333"]
[PlyCount "64"]
[EventDate "2015.??.??"]

1. Nf3 d5 2. d4 Bf5 3. c4 e6 4. Nc3 Nf6 5. Bg5 Bb4 6. Qa4+ Nc6 7. Ne5 Bxc3+ 8.
bxc3 Qd6 9. c5 Qd8 10. e3 O-O 11. Nxc6 bxc6 12. Qxc6 Qb8 13. Bxf6 Qb2 14. Rd1
Qxc3+ 15. Ke2 gxf6 16. Qxc7 Rab8 17. Rd2 Qc4+ 18. Kf3 Be4+ 19. Kg3 Qc3 20. Rd1
Kh8 21. Qf4 Rg8+ 22. Kh4 Bf5 23. h3 Rbc8 24. g4 Rg5 25. gxf5 Rxf5 26. Qg4 Rg8
27. Qe2 Rg6 28. f4 Rxf4+ 29. Kh5 Rf5+ 30. Kh4 Rfg5 31. Rb1 Rh6+ 32. Qh5 Rhxh5#
0-1

[Event "Polfinaly Mistrzostw Polski Juniorow 201"]
[Site "Szklarska Poreba - „Krolowa Ka"]
[Date "2015.??.??"]
[Round "7.6"]
[White "Czarnomski, Dominik"]
[Black "Topola, Rafal"]
[Result "1/2-1/2"]
[WhiteElo "1323"]
[BlackElo "1171"]
[PlyCount "89"]
[EventDate "2015.??.??"]

1. d4 d5 2. c4 e6 3. Nc3 Nf6 4. Nf3 Be7 5. Bg5 h6 6. Bh4 b6 7. e3 O-O 8. Rc1
Bb7 9. Bd3 dxc4 10. Bxc4 Nbd7 11. O-O c5 12. Be2 cxd4 13. Nxd4 Nd5 14. Bxe7
Qxe7 15. Nxd5 Bxd5 16. Bf3 Bxf3 17. Nxf3 Nf6 18. Qe2 Rfc8 19. h3 Rc7 20. Rc2
Rac8 21. Rfc1 Rxc2 22. Rxc2 Rxc2 23. Qxc2 Qc5 24. Qxc5 bxc5 25. Kf1 Kf8 26. Ke2
Ne4 27. Nd2 Nxd2 28. Kxd2 Ke7 29. Kc3 Kd6 30. Kc4 Kc6 31. e4 f5 32. exf5 exf5
33. f3 g5 34. g4 f4 35. a3 a6 36. b3 Kd6 37. a4 Kc6 38. b4 cxb4 39. Kxb4 Kb6
40. a5+ Kb7 41. Kc5 Kc7 42. Kd5 Kd7 43. Kc5 Kc7 44. Kd5 Kd7 45. Kc5 1/2-1/2

[Event "Polfinaly Mistrzostw Polski Juniorow 201"]
[Site "Szklarska Poreba - „Krolowa Ka"]
[Date "2015.??.??"]
[Round "7.7"]
[White "Wieczorek, Karol"]
[Black "Stypka, Sebastian"]
[Result "1-0"]
[WhiteElo "1193"]
[BlackElo "1254"]
[PlyCount "119"]
[EventDate "2015.??.??"]

1. e4 e5 2. Nf3 Nc6 3. Bb5 a6 4. Ba4 Nf6 5. O-O b5 6. Bb3 Bb7 7. Re1 Bc5 8. c3
d6 9. d4 Bb6 10. Bg5 h6 11. Bh4 g5 12. Bg3 O-O 13. Qd2 Re8 14. d5 Ne7 15. h4
Nh5 16. Kh1 Nf4 17. hxg5 hxg5 18. Nxg5 Neg6 19. Bxf4 Nxf4 20. Nf3 Qf6 21. Bd1
Qg6 22. g3 Kg7 23. Nh4 Rh8 24. Rg1 Qxe4+ 25. f3 Qxd5 26. Qxd5 Bxd5 27. Rf1 Nd3
28. b3 Nf2+ 29. Kg2 Nxd1 30. Rxd1 Be6 31. Nd2 Rag8 32. Rh1 Kf8 33. Ne4 Ke7 34.
Rh2 Rg7 35. Nf5+ Bxf5 36. Rxh8 d5 37. Nf2 d4 38. cxd4 exd4 39. Rd1 c5 40. g4
Bg6 41. Rb8 Ba5 42. Nd3 Bc3 43. Nxc5 Bc2 44. Rc1 d3 45. Nxd3 Bxd3 46. Rxc3 Bb1
47. Rb7+ Kd8 48. a4 bxa4 49. bxa4 Rxg4+ 50. fxg4 Be4+ 51. Kg3 Bxb7 52. Kf4 Kd7
53. Ke5 Bc6 54. Rxc6 Kxc6 55. Kf6 Kc5 56. Kxf7 Kb4 57. g5 Kxa4 58. g6 a5 59. g7
Kb3 60. g8=Q 1-0

[Event "Polfinaly Mistrzostw Polski Juniorow 201"]
[Site "Szklarska Poreba - „Krolowa Ka"]
[Date "2015.??.??"]
[Round "7.8"]
[White "Sypek, Szymon"]
[Black "Lazniewski, Tadeusz"]
[Result "1-0"]
[WhiteElo "1227"]
[BlackElo "1167"]
[PlyCount "147"]
[EventDate "2015.??.??"]

1. d4 Nf6 2. c4 g6 3. Nc3 Bg7 4. Nf3 O-O 5. e3 d6 6. Bd3 Nbd7 7. O-O e5 8. Bc2
exd4 9. exd4 Re8 10. Re1 Nf8 11. Bg5 Bg4 12. h3 Rxe1+ 13. Qxe1 Bxf3 14. gxf3
Qd7 15. Kh2 Re8 16. Qd2 d5 17. Bxf6 Bxf6 18. Nxd5 Bg7 19. Rd1 c6 20. Nc3 Qd6+
21. Kg2 Ne6 22. Ne2 Rd8 23. d5 Nf8 24. Bb3 c5 25. Ng3 f5 26. Re1 b6 27. Qe2 Bf6
28. Ba4 Kg7 29. b3 Kh8 30. Bc6 Kg7 31. a4 a5 32. Qd2 h6 33. Qe2 Kh8 34. Qd1 Kg7
35. Re2 Bc3 36. Qc1 Bb4 37. Qc2 Qf6 38. Qb2 Qxb2 39. Rxb2 Bc3 40. Re2 Bf6 41.
Nf1 Kf7 42. Nd2 Kg7 43. Nb1 Kf7 44. Na3 g5 45. Nb5 f4 46. Nc7 h5 47. Be8+ Kg7
48. Bxh5 Rd7 49. Ne6+ Nxe6 50. Rxe6 Bd8 51. Bg4 Rb7 52. Kf1 Kf7 53. Bh5+ Kg7
54. Ke2 Re7 55. Rxe7+ Bxe7 56. Kd3 Kf6 57. Ke4 Bd6 58. Bg4 Bc7 59. d6 Bxd6 60.
Kd5 Bc7 61. Kc6 Bd8 62. Kd7 Be7 63. Bh5 Ke5 64. Kxe7 Kd4 65. Kf6 Kc3 66. Be8
Kxb3 67. Bb5 Kc3 68. Kxg5 Kd2 69. Kxf4 Ke2 70. h4 Kxf2 71. h5 Kg2 72. h6 Kg1
73. h7 Kg2 74. h8=Q 1-0